Statistics for All UEFA Euro Host Cities

Click here to take the quiz!

General Stats

  • This quiz has been taken 41 times
    (10 since last reset)
  • The average score is 92 of 130

Answer Stats

YearCity% Correct
2024Berlin
100%
2028 (Wales)Cardiff
100%
Décines-Charpieu
100%
Dortmund
100%
2028 (Ireland)Dublin
100%
Hamburg
100%
Lisbon
100%
Liverpool
100%
London
100%
Lyon
100%
1980Milan
100%
Munich
100%
Paris
100%
Rome
100%
2000 (Netherlands) | 2020 (Pan Europe)Amsterdam
89%
1964Barcelona
89%
Bern
89%
Genoa
89%
Glasgow
89%
Istanbul
89%
Kyiv
89%
Leipzig
89%
Madrid
89%
Manchester
89%
1960Marseille
89%
Naples
89%
Turin
89%
Vienna
89%
Zürich
89%
2032 (Turkey)Ankara
78%
Baku
78%
2028 (Northern Ireland)Belfast
78%
1996 | 2028 (England)Birmingham
78%
Bologna
78%
Brussels
78%
1988Cologne
78%
Copenhagen
78%
Düsseldorf
78%
Gelsenkirchen
78%
Lviv
78%
Newcastle
78%
Rotterdam
78%
Salzburg
78%
Seville
78%
Villeneuve-d'Ascq
78%
Warsaw
78%
1972Antwerp
67%
2008 (Switzerland)Basel
67%
2016Bordeaux
67%
Cagliari
67%
2012 (Ukraine)Donetsk
67%
1968Florence
67%
Frankfurt
67%
2012 (Poland)Gdańsk
67%
Kharkiv
67%
Poznań
67%
Stockholm
67%
Stuttgart
67%
2032 (Italy)Bari
56%
Braga
56%
Bucharest
56%
Budapest
56%
Eindhoven
56%
Geneva
56%
1992Gothenburg
56%
Hanover
56%
2008 (Austria)Innsbruck
56%
Klagenfurt
56%
Leeds
56%
Malmö
56%
Nice
56%
Saint-Denis
56%
Toulouse
56%
Verona
56%
Wrocław
56%
2000 (Belgium)Bruges
44%
Bursa
44%
Liège
44%
Nantes
44%
Nottingham
44%
Saint-Étienne
44%
Trabzon
44%
Antalya
33%
Charleroi
33%
Coimbra
33%
Faro/Loulé
33%
Gaziantep
33%
Konya
33%
1984Lens
33%
Strasbourg
33%
Arnhem
22%
1976Belgrade
22%
Saint Petersburg
22%
Zagreb
22%
Guimarães
11%
Norrköping
11%
2004Aveiro
0%
Eskisehir
0%
Leiria
0%

Score Distribution

Percentile by Number Answered

Percent of People with Each Score

Your Score History

You have not taken this quiz since the last reset